[Event "V Open Basso Veronese"]
[Site "Casaleone ITA"]
[Date "2012.05.??"]
[Round "6"]
[White "Brunelli, Flavio"]
[Black "Adami, Antonio"]
[Result "1-0"]
[WhiteElo "1758"]
[BlackElo "1717"]
[PlyCount "128"]
[EventDate "2012.05.19"]

1. e4 c5 2. Nf3 d6 3. d4 cxd4 4. Nxd4 Nf6 5. Nc3 a6 6. f3 e5 7. Nb3 h5 8. Bg5
Be7 9. Qd2 Be6 10. O-O-O Nbd7 11. f4 Rc8 12. fxe5 dxe5 13. h3 b5 14. Kb1 b4 15.
Bxf6 Nxf6 16. Qxd8+ Rxd8 17. Rxd8+ Bxd8 18. Na4 a5 19. Nac5 Bxb3 20. Bb5+ Ke7
21. Nxb3 Nxe4 22. Re1 f5 23. Bd3 Bc7 24. Bxe4 fxe4 25. Nd2 e3 26. Rxe3 Rf8 27.
Nf3 Kf6 28. Re4 Rd8 29. Kc1 Kf5 30. Re2 g5 31. c3 bxc3 32. bxc3 Kf4 33. Nd2 g4
34. hxg4 hxg4 35. Kc2 Re8 36. Kd3 Rd8+ 37. Kc4 a4 38. Kb5 a3 39. Kc6 Ba5 40.
Ne4 g3 41. Kb5 Bc7 42. Kb4 Ra8 43. c4 Bd8 44. c5 Be7 45. Nc3 Rb8+ 46. Nb5 e4
47. Kc4 Rc8 48. Nxa3 Bxc5 49. Nc2 Ba7+ 50. Kb3 Rd8 51. Nb4 e3 52. Nc6 Rd2 53.
Rxd2 exd2 54. Kc2 Be3 55. Na5 Ba7 56. Kxd2 Ke4 57. Nc6 Bb6 58. a4 Bf2 59. Nb4
Bb6 60. Ke2 Bc5 61. Nc2 Kf4 62. a5 Ke4 63. a6 Kd5 64. Kf3 Bd6 1-0

[Event "V Open Basso Veronese"]
[Site "Casaleone ITA"]
[Date "2012.05.??"]
[Round "6"]
[White "Jirillo, Antonio"]
[Black "De Paoli, Emilio"]
[Result "1/2-1/2"]
[WhiteElo "1664"]
[BlackElo "1860"]
[PlyCount "103"]
[EventDate "2012.05.19"]

1. d4 Nf6 2. Bf4 g6 3. e3 Bg7 4. Bd3 O-O 5. Nf3 d6 6. Nbd2 Nbd7 7. c3 Nh5 8.
Bg3 Nxg3 9. hxg3 e5 10. dxe5 Nxe5 11. Nxe5 dxe5 12. Qc2 Be6 13. O-O-O Qe7 14.
Bc4 Rfd8 15. Qb3 Bxc4 16. Nxc4 c6 17. Rh4 Rxd1+ 18. Qxd1 b5 19. Nd2 Rd8 20. Qe2
f5 21. Nf3 g5 22. Rh5 h6 23. Qc2 Qf7 24. Qb3 Qxb3 25. axb3 a5 26. Rh1 c5 27.
Rd1 Rxd1+ 28. Kxd1 Kf7 29. Kc2 Ke6 30. Nd2 h5 31. Nf3 g4 32. Ne1 e4 33. Kd2 Kd5
34. Kc1 Bf6 35. Nc2 h4 36. gxh4 Bxh4 37. g3 Be7 38. Na3 Kc6 39. Nc2 Bf6 40. b4
cxb4 41. cxb4 a4 42. Kb1 Kb6 43. Ka2 Kc6 44. b3 Bc3 45. Ka3 axb3 46. Kxb3 Be5
47. Na3 Bf6 48. Nc2 Be5 49. Na3 Kb6 50. Nc2 Kc7 51. Na3 Kc6 52. Nc2 1/2-1/2

[Event "V Open Basso Veronese"]
[Site "Casaleone ITA"]
[Date "2012.05.??"]
[Round "6"]
[White "Kurylovich, Alena"]
[Black "Zonta, Riccardo"]
[Result "1/2-1/2"]
[WhiteElo "1491"]
[BlackElo "1654"]
[PlyCount "124"]
[EventDate "2012.05.19"]

1. d4 d5 2. c4 dxc4 3. e3 Nf6 4. Bxc4 c5 5. Qb3 e6 6. Nf3 Nc6 7. dxc5 Bxc5 8.
O-O O-O 9. Qc2 h6 10. a3 a6 11. b4 Be7 12. Bb2 b5 13. Bxb5 axb5 14. Qxc6 Bd7
15. Qc2 Rc8 16. Qd1 Bc6 17. Qxd8 Rfxd8 18. Nd4 Be8 19. Nc3 Rb8 20. h3 Nd5 21.
Nxd5 Rxd5 22. Rac1 Bf6 23. Rc2 Bxd4 24. Bxd4 f6 25. Rfc1 Kh7 26. Rc7 e5 27. Bc5
Bg6 28. Be7 Kg8 29. Rc8+ Rxc8 30. Rxc8+ Kf7 31. Bc5 Bd3 32. Ra8 Bc2 33. Ra5 Ba4
34. Ra7+ Kg8 35. g4 g6 36. Kg2 f5 37. gxf5 gxf5 38. Kg3 f4+ 39. exf4 Rd3+ 40.
Kg4 exf4 41. h4 Rxa3 42. Kxf4 Rh3 43. Kg4 Rh1 44. f4 Bb3 45. Rb7 Bc4 46. Kh5
Be2+ 47. Kxh6 Rxh4+ 48. Kg6 Rg4+ 49. Kf5 Rh4 50. Bd6 Bd3+ 51. Kg5 Rh1 52. Bc5
Rh2 53. f5 Rg2+ 54. Kf6 Rh2 55. Rg7+ Kh8 56. Rg6 Rh5 57. Rg5 Rxg5 58. Kxg5 Kg7
59. f6+ Kf7 60. Bd4 Bc4 61. Kf5 Bd3+ 62. Ke5 Bc4 1/2-1/2

[Event "V Open Basso Veronese"]
[Site "Casaleone ITA"]
[Date "2012.05.??"]
[Round "6"]
[White "Magnabosco, Mauro Denis"]
[Black "Fiscato, Claudio"]
[Result "1/2-1/2"]
[WhiteElo "1768"]
[BlackElo "1810"]
[PlyCount "67"]
[EventDate "2012.05.19"]

1. c4 Nf6 2. g3 g6 3. Bg2 d6 4. Nc3 Bg7 5. d3 O-O 6. Nf3 c6 7. O-O Nbd7 8. Qc2
e5 9. Rb1 a6 10. b4 Rb8 11. Bb2 b5 12. cxb5 cxb5 13. Nd2 Bb7 14. e4 Rc8 15. Qb3
Nb8 16. Rfc1 Nc6 17. Ne2 Bh6 18. Rc2 Qb6 19. h3 Rc7 20. Bc1 Bc8 21. Nf1 Bg7 22.
Be3 Qb7 23. Rbc1 Be6 24. Qb1 Rfc8 25. f4 Bh6 26. g4 exf4 27. Bxf4 Bxf4 28. Nxf4
Qb6+ 29. Kh1 Ne5 30. Qb2 Nfd7 31. Rxc7 Rxc7 32. Rxc7 Qxc7 33. Qd2 Nb6 34. Ne3
1/2-1/2

[Event "V Open Basso Veronese"]
[Site "Casaleone ITA"]
[Date "2012.05.??"]
[Round "6"]
[White "Marangoni, Simone"]
[Black "Zanchetta, Nicola"]
[Result "0-1"]
[WhiteElo "1859"]
[BlackElo "1887"]
[PlyCount "46"]
[EventDate "2012.05.19"]

1. c4 e6 2. Nc3 d5 3. e3 c6 4. Nf3 Bd6 5. d4 f5 6. Bd3 Nf6 7. Qc2 Ne4 8. cxd5
exd5 9. Bd2 Nd7 10. Be2 O-O 11. g3 Ndf6 12. Rf1 Ng4 13. Nxe4 fxe4 14. Nh4 g5
15. Bxg4 Bxg4 16. Ng2 Bh3 17. Rg1 Qf6 18. Bc3 Qf3 19. Nf4 gxf4 20. gxf4+ Kf7
21. Qb3 b6 22. Qa4 Rg8 23. Rxg8 Rxg8 0-1

[Event "V Open Basso Veronese"]
[Site "Casaleone ITA"]
[Date "2012.05.??"]
[Round "6"]
[White "Molina, Fabrizio"]
[Black "Guerra, Alessandro"]
[Result "1/2-1/2"]
[WhiteElo "2269"]
[BlackElo "2159"]
[PlyCount "95"]
[EventDate "2012.05.19"]

1. d4 Nf6 2. c4 g6 3. f3 Bg7 4. e4 d6 5. Be3 O-O 6. Ne2 Nfd7 7. Nec3 e5 8. d5
a5 9. Nd2 b6 10. a3 f5 11. b4 axb4 12. axb4 Rxa1 13. Qxa1 Bh6 14. Nd1 Bxe3 15.
Nxe3 Qh4+ 16. g3 Qg5 17. Nd1 Nf6 18. Qc3 fxe4 19. fxe4 c5 20. b5 Qh5 21. Be2
Bg4 22. Qe3 Nbd7 23. Nf2 Bxe2 24. Qxe2 Qh6 25. O-O Ra8 26. Nb3 Qg5 27. Kg2 Ra3
28. Qb2 Ra4 29. Qc2 Qe3 30. Ra1 Rxa1 31. Nxa1 h5 32. Qb3 Ng4 33. Nxg4 Qxe4+ 34.
Qf3 Qxg4 35. Qxg4 hxg4 36. Kf2 Kg7 37. Ke3 Kf6 38. Nb3 Kf5 39. Nd2 Nf6 40. Kd3
e4+ 41. Ke3 Ke5 42. Nb1 Kf5 43. Nc3 g5 44. Na4 Nd7 45. Ke2 Kf6 46. Ke3 Ke5 47.
Nc3 Nf6 48. Na4 1/2-1/2

[Event "V Open Basso Veronese"]
[Site "Casaleone ITA"]
[Date "2012.05.??"]
[Round "6"]
[White "Mulone, Gaspare"]
[Black "Macalello, Angelo"]
[Result "0-1"]
[WhiteElo "1595"]
[BlackElo "1737"]
[PlyCount "32"]
[EventDate "2012.05.19"]

1. e4 e5 2. Nf3 Nc6 3. d4 exd4 4. Nxd4 Qf6 5. Be3 Bc5 6. c3 Nge7 7. Bc4 O-O 8.
O-O Ne5 9. Bb3 d6 10. Nb5 Bg4 11. Qd2 Bf3 12. Bd1 Qg6 13. g3 Qh5 14. Bxc5 Qh3
15. Bxf3 Nxf3+ 16. Kh1 Qxh2# 0-1

[Event "V Open Basso Veronese"]
[Site "Casaleone ITA"]
[Date "2012.05.??"]
[Round "6"]
[White "Negro, Raffaele"]
[Black "Scagliarini, Gennaro"]
[Result "1-0"]
[WhiteElo "1845"]
[BlackElo "1726"]
[PlyCount "68"]
[EventDate "2012.05.19"]

1. d4 g6 2. e4 Bg7 3. Nc3 d6 4. f4 e6 5. Nf3 a6 6. Bd3 b5 7. O-O Ne7 8. Be3 O-O
9. Ne2 f5 10. Ng3 Nd7 11. c3 Bb7 12. Ng5 Qc8 13. Nxe6 Re8 14. Nxg7 Kxg7 15. d5
Nxd5 16. Bd4+ N5f6 17. exf5 c5 18. Bf2 Qc6 19. Qf3 Qxf3 20. gxf3 Nh5 21. Nxh5+
gxh5 22. Bh4 Nf6 23. Rad1 d5 24. Kf2 Re7 25. Rfe1 Rxe1 26. Rxe1 Kf7 27. Re6 Ng8
28. Rb6 Ra7 29. f6 Bc8 30. Bxh7 Nh6 31. Rc6 c4 32. Rxc8 Rd7 33. Bg5 d4 34. cxd4
Rxd4 1-0

[Event "V Open Basso Veronese"]
[Site "Casaleone ITA"]
[Date "2012.05.??"]
[Round "6"]
[White "Paler, Adrian"]
[Black "Brunelli, Giovanni"]
[Result "1/2-1/2"]
[WhiteElo "1901"]
[BlackElo "1931"]
[PlyCount "96"]
[EventDate "2012.05.19"]

1. Nf3 f5 2. d3 Nf6 3. g3 g6 4. Bg2 Bg7 5. c4 O-O 6. O-O d6 7. Nc3 e5 8. Qc2
Qe8 9. b3 Na6 10. Ba3 h6 11. Rad1 g5 12. Nd5 Qh5 13. Ne7+ Kh8 14. Nxc8 Raxc8
15. b4 Ng4 16. b5 Nb8 17. h3 Nf6 18. Nh2 b6 19. Bb2 f4 20. g4 Qg6 21. Rd2 Rce8
22. d4 e4 23. f3 d5 24. cxd5 Nxd5 25. fxe4 Ne3 26. Qxc7 Nxf1 27. Nxf1 Rf7 28.
Qc2 h5 29. e5 Qh6 30. Nh2 Nd7 31. Bc6 hxg4 32. hxg4 Qh4 33. Rd3 Bf8 34. e6 Rxe6
35. d5+ Re5 36. Bxd7 Bc5+ 37. e3 Qg3+ 38. Qg2 Bxe3+ 39. Kf1 Bd4 40. Rxg3 fxg3+
41. Nf3 Bxb2 42. Qxb2 Rxf3+ 43. Kg1 Rfe3 44. Qd4 Kg8 45. Bf5 Re1+ 46. Kg2 R1e2+
47. Kh3 R5e3 48. Be6+ Kh7 1/2-1/2

[Event "V Open Basso Veronese"]
[Site "Casaleone ITA"]
[Date "2012.05.??"]
[Round "6"]
[White "Rizzati, Aldo"]
[Black "Bozzi, Gianni"]
[Result "1-0"]
[WhiteElo "1931"]
[BlackElo "2190"]
[PlyCount "45"]
[EventDate "2012.05.19"]

1. e4 Nf6 2. e5 Nd5 3. d4 d6 4. c4 Nb6 5. f4 dxe5 6. fxe5 Nc6 7. Be3 Bf5 8. Nf3
e6 9. Nc3 Be7 10. Bd3 Bxd3 11. Qxd3 O-O 12. O-O f6 13. Qe2 Qe8 14. Rad1 Rd8 15.
Bf2 fxe5 16. dxe5 Qh5 17. Nb5 Rf5 18. Rxd8+ Bxd8 19. Bg3 a6 20. Nc3 Qg4 21. Ne4
Nxe5 22. Bxe5 Rxe5 23. Qd3 1-0

[Event "V Open Basso Veronese"]
[Site "Casaleone ITA"]
[Date "2012.05.??"]
[Round "6"]
[White "Solinas, Roberto"]
[Black "Pisani, Valerio"]
[Result "0-1"]
[WhiteElo "1718"]
[BlackElo "1681"]
[PlyCount "168"]
[EventDate "2012.05.19"]

1. d4 Nf6 2. Nf3 g6 3. Nbd2 Bg7 4. e4 d6 5. Bd3 O-O 6. O-O Nh5 7. Nb3 Nc6 8. c3
e5 9. Be3 Bg4 10. h3 Bxf3 11. Qxf3 Qh4 12. Qg4 Qxg4 13. hxg4 Nf6 14. f3 Rfe8
15. d5 Ne7 16. c4 c5 17. Nd2 h6 18. a3 a5 19. Nb1 g5 20. Nc3 Ng6 21. g3 Ra6 22.
Kg2 Ne7 23. Nb5 Rd8 24. Rfb1 Nc8 25. Bd2 Ne8 26. b4 b6 27. bxa5 bxa5 28. a4 Rd7
29. Rb3 Bf6 30. Rab1 Bd8 31. Rh1 Kg7 32. Bc3 Bf6 33. Rbb1 Bd8 34. Rh2 Nf6 35.
Bc2 Rb7 36. Bb3 Na7 37. Rbh1 Ng8 38. f4 f6 39. fxe5 fxe5 40. Bd1 Nc8 41. Bf3
Be7 42. Rd1 Nb6 43. Ra1 Nd7 44. Kh3 Nb6 45. Be2 Nf6 46. Bd3 Ng8 47. Rf2 Nf6 48.
Bd2 Ra8 49. Bc3 Kg6 50. Rf5 Kg7 51. Ra2 Nbd7 52. Rb2 Nb6 53. Bxe5 dxe5 54. d6
Bd8 55. Rxe5 Nfd7 56. Rf5 Rab8 57. Re2 Nxa4 58. e5 Nf8 59. e6 Ng6 60. e7 Nxe7
61. dxe7 Rxe7 62. Nd6 Rxe2 63. Rf7+ Kg8 64. Bxe2 Rb6 65. Rd7 Bf6 66. Bf3 Nc3
67. Nf5 Be5 68. Ne7+ Kf8 69. Nf5 a4 70. Bd5 Nxd5 71. Rxd5 Bd4 72. Nxd4 cxd4 73.
Rxd4 Ra6 74. Rd2 Ke7 75. Ra2 Kd6 76. Kg2 Kc5 77. Kf3 Kxc4 78. Re2 a3 79. Re4+
Kd5 80. Re8 a2 81. Rd8+ Kc6 82. Rh8 a1=Q 83. Rxh6+ Kd7 84. Rh7+ Ke6 0-1